| 000 -CABECERA |
| fixed length control field |
01765nam a22002777a 4500 |
| 003 - IDENTIFICADOR DEL NÚMERO DE CONTROL |
| control field |
AR-CdUCM |
| 008 - DATOS DE LONGITUD FIJA--INFORMACIÓN GENERAL |
| fixed length control field |
190425b ||||| |||| 00| 0 spa d |
| 040 ## - FUENTE DE LA CATALOGACIÓN |
| Agencia/entidad que catalogó originalmente la obra |
MUNICIPALIDAD PROVINCIAL DEL CUSCO |
| Entidad que transcribió la catalogación |
BIBLIOTECA MUNICIPAL DEL CUSCO |
| 082 ## - NÚMERO DE LA CLASIFICACIÓN DECIMAL DEWEY |
| No. de Clasificación |
SemanaCuzco/N°3/1952 |
| 245 ## - MENCIÓN DE TÍTULO |
| Título |
Semana del Cuzco : |
| Resto del título |
Cita continental en la capital arqueológica de América del 24 de junio al 1 de julio / |
| Mención de responsabilidad |
Director Humberto Vidal |
| 260 ## - PUBLICACIÓN, DISTRIBUCIÓN, ETC. |
| Lugar de publicación, distribución, etc. |
Cusco. |
| Nombre de la editorial, distribuidor, etc. |
La Económica, |
| Fecha de publicación, distribución, etc. |
1952. |
| 300 ## - DESCRIPCIÓN FÍSICA |
| Nº de Páginas Extensión |
126 páginas. : |
| Otros detalles físicos |
ilustraciones ; |
| Dimensiones |
21 cm. |
| 440 ## - MENCIÓN DE SERIE/PUNTO DE ACCESO ADICIONAL--TÍTULO |
| Título |
Semana del Cuzco. |
| Número de la parte/sección de una obra |
N°3, 1952 |
| 9 (RLIN) |
47144 |
| 505 ## - NOTA DE CONTENIDO CON FORMATO |
| Nota de contenido formateada |
Contenido: Saludo a la madre en el tono de la esperanza. -- La lección de un gran poeta. Eustaquio Kallata. -- Fruslerías. Gustavo Pérez Ocampo. -- Vengo de lejos. Marga Elena. -- Las ruinas de Willkaswaman. Manuel Chávez Ballón. -- La vida y muerte en Chinchero. Oscar Núñez del Prado. -- Apuntes sobre Judas. Efraín Morote Best. -- La improductividad artística contemporánea en el Cuzco. Emilio Mendizábal Losack. -- El progreso musical en el Cuzco. Miguel Ángel Nieto. -- Lorenzo Pumayalli. Rubén Sueldo Guevara. -- Los terremotos. Carlos Kalafatovich. -- Breve interpretación del poblador andino. Mijaíl Sumar Pacha. -- La ciudad lejana. Mario Escobar Moscoso. -- La oración del Coricancha. Fidel Zarate. -- A esta tierra y vosotros. Marela Lauzán. |
| 650 ## - PUNTO DE ACCESO ADICIONAL DE MATERIA--TÉRMINO DE MATERIA |
| Descriptor |
Fiestas del Cusco |
| 9 (RLIN) |
13258 |
| 650 ## - PUNTO DE ACCESO ADICIONAL DE MATERIA--TÉRMINO DE MATERIA |
| Descriptor |
Dia del Cusco |
| 9 (RLIN) |
47137 |
| 650 ## - PUNTO DE ACCESO ADICIONAL DE MATERIA--TÉRMINO DE MATERIA |
| Descriptor |
Semana del Cusco |
| 9 (RLIN) |
47138 |
| 650 ## - PUNTO DE ACCESO ADICIONAL DE MATERIA--TÉRMINO DE MATERIA |
| Descriptor |
Cusqueñismo |
| 9 (RLIN) |
2721 |
| 650 ## - PUNTO DE ACCESO ADICIONAL DE MATERIA--TÉRMINO DE MATERIA |
| Descriptor |
Poesía cusqueña |
| 9 (RLIN) |
2323 |
| 700 ## - PUNTO DE ACCESO ADICIONAL--NOMBRE DE PERSONA |
| Nombre Personal |
Kallata, Eustaquio |
| 9 (RLIN) |
47145 |
| 700 ## - PUNTO DE ACCESO ADICIONAL--NOMBRE DE PERSONA |
| Nombre Personal |
Chávez Ballón, Manuel |
| 9 (RLIN) |
45977 |
| 700 ## - PUNTO DE ACCESO ADICIONAL--NOMBRE DE PERSONA |
| Nombre Personal |
Núñez del Prado, Oscar |
| 9 (RLIN) |
5531 |
| 700 ## - PUNTO DE ACCESO ADICIONAL--NOMBRE DE PERSONA |
| Nombre Personal |
Pérez Ocampo, Gustavo |
| 9 (RLIN) |
47147 |
| 942 ## - ELEMENTOS DE PUNTO DE ACCESO ADICIONAL (KOHA) |
| Fuente de clasificación |
|
| Tipo de item |
Revistas cusqueñas |
| 945 ## - PROCESAMIENTO DE INFORMACIÓN LOCAL (OCLC) |
| Catalogador |
r.l.h.i |